Relazione Paese 2010 sull'occupazione, l'etnicità e i migranti Italia

I tiakina i:
Ngā taipitopito rārangi puna kōrero
Kaituhi matua: Sansonetti, Silvia
Kaituhi rangatōpū: Rete di esperti socioeconomici in materia di non discriminazione
Hōputu: Pukapuka
Reo:Ingarihi
I whakaputaina: Utrecht, Vienna Human European Consultancy (Paesi Bassi), OSB Consulting GmbH (Vienna) 2010
Ngā Tūtohu: Tāpirihia he Tūtohu
Kāore He Tūtohu, Me noho koe te mea tuatahi ki te tūtohu i tēnei pūkete!

MARC

LEADER 00000nam a2200000 4500
005 20240605173942.0
008 240605b |||||||| |||| 00| 0 eng d
040 |c GP 
100 |a Sansonetti, Silvia 
110 |a Rete di esperti socioeconomici in materia di non discriminazione 
245 |a Relazione Paese 2010 sull'occupazione, l'etnicità e i migranti Italia 
260 |a Utrecht, Vienna  |b Human European Consultancy (Paesi Bassi), OSB Consulting GmbH (Vienna)  |c 2010 
942 |2 ddc  |c BK  |n 0 
952 |0 0  |1 0  |2 ddc  |4 0  |6 325_000000000000000_SAN  |7 1  |9 1351  |a RM  |b RM  |d 2024-06-05  |l 0  |o 325 SAN  |p 181  |r 2024-06-05 17:40:01  |w 2024-06-05  |y BK 
999 |c 1241  |d 1241